000 00544nam a2200217Ia 4500
001 38387
005 20240114002008.0
007 ta
008 070718s a g b000 u 465 u
040 _aCoptton College,Assa
041 _a465
082 _a551.48
_bRe 246 Te
100 _aReddi, P.Jayaram .
245 0 _aA Text Book of Hydrology /
_cP.Jayaram Reddi.
_hTextual Documents
260 _aSl :
_bSn ,
_c1873.
300 _bill ;
653 _aHydrology
942 _2ddc
_cBK
999 _c38361
_d38361